000 00464nam a2200193Ia 4500
005 20240823035003.0
008 240823s9999||||xx |||||||||||||| ||und||
020 _a0-571-21876-8
041 _aENGLISH
082 _A823.914 P2
100 _aUpamanyu Chatterjee
245 0 _a"English, August an Indian Story now a Major film"
250 _a1st
260 _c2002
_bPenguin
500 _aYES
650 _aNovel
_bEnglish
942 _cBK
999 _c199608
_d199608